Statistics for Countries Most Similar To Algeria

Click here to take the quiz!

General Stats

  • This quiz has been taken 74 times
  • The average score is 15 of 20

Answer Stats

RankCountryScore% Correct
2Morocco80.8
98%
1Tunisia82.0
98%
3Egypt80.2
93%
4Libya78.8
93%
8Mauritania73.6
90%
10Saudi Arabia69.9
90%
7Syria75.2
89%
6Iraq76.0
85%
11Iran69.9
79%
19Niger66.6
79%
5Jordan76.3
77%
15Mali68.5
77%
12Sudan69.8
74%
20Turkey66.3
70%
17Yemen67.5
70%
14Lebanon68.7
69%
16Oman67.9
69%
13Palestine68.9
51%
9Djibouti70.4
28%
18Uzbekistan67.0
18%

Score Distribution

Percentile by Number Answered

Percent of People with Each Score

Your Score History

You have not taken this quiz